Derecho sucesorio

Uloženo v:
Podrobná bibliografie
Hlavní autor: Elorriaga de Bonis, Fabián (autor)
Médium: Kniha
Jazyk:španělština
Vydáno: Santiago Thomson Reuters 2015
Vydání:3a. ed
Edice:Colección de Tratados
Témata:
Tagy: Přidat tag
Žádné tagy, Buďte první, kdo vytvoří štítek k tomuto záznamu!

MARC

LEADER 00000cam a2200000 a 4500
001 UCE8758
003 CL-VaPUC
008 150827e20150000cl |||||||||||||||||spa|d
020 |a 9789563467024 
082 0 4 |a 346.05  |b ELO  |2 21 
100 |a Elorriaga de Bonis, Fabián  |e autor  |9 815953 
245 1 0 |a Derecho sucesorio 
250 |a 3a. ed 
300 |a 899 p 
942 |c BK 
945 |d 20150827 16:13:00  |a gsalatino 
260 |a Santiago  |b Thomson Reuters  |c 2015 
650 0 |a Derecho sucesorio  |9 255015 
650 0 |a Herencia  |9 256325 
650 0 |a Derecho y legislación   |9 255077 
583 |a last modification  |c 20150911 01:19:55  |k Rodrigo Vera 
490 0 |a Colección de Tratados 
999 |c 360532  |d 360530 
952 |0 0  |1 0  |3 erd  |4 0  |6 346_050000000000000_ELO_2015  |7 0  |8 A  |9 470382  |a BIBDER  |b BIBDER  |i 5195772  |l 2  |m 2  |o 346.05 ELO 2015  |p 5195772  |q 2025-12-31  |r 2021-10-11  |s 2021-10-11  |w 2019-11-23  |y BK  |z Catalogado en:20150827  |k DER